[Event "Eesti klubide mv"]
[Site "Tallinn"]
[Date "2006.03.24"]
[Round "3"]
[White "Rauk, Tõnu"]
[Black "Jezhov, Roman"]
[Result "1-0"]
[WhiteElo "2200"]
[BlackElo "2108"]
[PlyCount "57"]
[EventDate "2006.03.23"]
[EventType "team"]
[EventRounds "7"]
[EventCountry "EST"]
[SourceDate "2006.04.22"]
[WhiteTeam "Kadrioru MK"]
[BlackTeam "Narva Maletäht"]
[WhiteTeamCountry "EST"]
[BlackTeamCountry "EST"]

1. d4 Nf6 2. c4 c5 3. Nf3 e6 4. d5 exd5 5. cxd5 d6 6. Nc3 g6 7. Nd2 a6 8. a4
Nbd7 9. e4 Bg7 10. Be2 O-O 11. O-O Ne5 12. f4 Nfg4 13. fxe5 Ne3 14. Qb3 Nxf1
15. Bxf1 Bxe5 16. Nc4 f5 17. Nxe5 dxe5 18. Bh6 Re8 19. d6+ Be6 20. Qxb7 Bf7 21.
Bc4 Qf6 22. Bg5 Qg7 23. Qxf7+ Qxf7 24. Bxf7+ Kxf7 25. d7 Red8 26. Rd1 h6 27.
Bxd8 Rxd8 28. a5 Ke7 29. Na4 1-0

[Event "Eesti klubide mv"]
[Site "Tallinn"]
[Date "2006.03.24"]
[Round "3"]
[White "Aleksejev, Igor"]
[Black "Kortshagin, Oleg"]
[Result "1-0"]
[WhiteElo "2096"]
[BlackElo "2234"]
[PlyCount "109"]
[EventDate "2006.03.23"]
[EventType "team"]
[EventRounds "7"]
[EventCountry "EST"]
[SourceDate "2006.04.22"]
[WhiteTeam "Narva Maletäht"]
[BlackTeam "Kadrioru MK"]
[WhiteTeamCountry "EST"]
[BlackTeamCountry "EST"]

1. e4 g6 2. d4 Bg7 3. Nc3 c6 4. Be3 Qb6 5. Na4 Qa5+ 6. c3 Qc7 7. Nc5 d6 8. Nd3
Nf6 9. f3 h5 10. Qd2 Nbd7 11. Ne2 b5 12. g3 Nb6 13. b3 a5 14. Bg2 a4 15. O-O
O-O 16. Qc2 Bd7 17. c4 axb3 18. axb3 Rxa1 19. Rxa1 bxc4 20. bxc4 Be6 21. c5 Nc4
22. Bf2 d5 23. Nef4 g5 24. Nxe6 fxe6 25. e5 Nh7 26. Nb4 Rb8 27. Na6 Qa7 28. Qa4
Rb5 29. Be1 Nf8 30. Bf1 Qb7 31. Bxc4 dxc4 32. Qxc4 Rb3 33. Qe2 Rb2 34. Qd3 Kf7
35. Bc3 Rb5 36. Qd2 Rb1+ 37. Rxb1 Qxb1+ 38. Kg2 Bh6 39. Nb4 Kg7 40. Qc2 Qxc2+
41. Nxc2 Nd7 42. Ba5 g4 43. f4 Kg6 44. Kf2 Kf5 45. Ke3 h4 46. Nb4 h3 47. Nd3
Nb8 48. Bd8 Bf8 49. Nb4 Bh6 50. Kf2 Ke4 51. Bc7 Nd7 52. Nxc6 Bf8 53. Nd8 Bh6
54. c6 Nf8 55. Bb6 1-0

[Event "Eesti klubide mv"]
[Site "Tallinn"]
[Date "2006.03.24"]
[Round "3"]
[White "Pärnpuu, Leili"]
[Black "Tsõganova, Monika"]
[Result "1-0"]
[WhiteElo "2212"]
[BlackElo "2269"]
[PlyCount "69"]
[EventDate "2006.03.23"]
[EventType "team"]
[EventRounds "7"]
[EventCountry "EST"]
[SourceDate "2006.04.22"]
[WhiteTeam "Kadrioru MK"]
[BlackTeam "Narva Maletäht"]
[WhiteTeamCountry "EST"]
[BlackTeamCountry "EST"]

1. d4 Nf6 2. Nf3 g6 3. c4 Bg7 4. g3 O-O 5. Bg2 d5 6. cxd5 Nxd5 7. O-O Nc6 8.
Nc3 Nb6 9. e3 e5 10. d5 Na5 11. e4 c6 12. Bg5 f6 13. Be3 Bg4 14. h3 Bd7 15. Nd2
cxd5 16. Nxd5 Nxd5 17. exd5 Bb5 18. Re1 f5 19. a4 Bd3 20. b4 Nc4 21. Nxc4 Bxc4
22. Rc1 b5 23. axb5 Bxb5 24. d6 Kh8 25. Qd5 f4 26. gxf4 exf4 27. Bd4 Bf6 28.
Bxf6+ Qxf6 29. Qxb5 f3 30. Bf1 Qxd6 31. Rcd1 Qf6 32. Qe5 a6 33. Qxf6+ Rxf6 34.
Re7 Rb8 35. Rdd7 1-0

[Event "Eesti klubide mv"]
[Site "Tallinn"]
[Date "2006.03.25"]
[Round "4"]
[White "Veingold, Aleksander"]
[Black "Zjukin, Sergei"]
[Result "1/2-1/2"]
[WhiteElo "2505"]
[BlackElo "2366"]
[PlyCount "74"]
[EventDate "2006.03.23"]
[EventType "team"]
[EventRounds "7"]
[EventCountry "EST"]
[SourceDate "2006.04.22"]
[WhiteTeam "Vabaettur 1"]
[BlackTeam "Kadrioru MK"]
[WhiteTeamCountry "EST"]
[BlackTeamCountry "EST"]

1. d4 Nf6 2. c4 g6 3. Nc3 d5 4. cxd5 Nxd5 5. Bd2 c5 6. Rc1 Nc6 7. dxc5 Bg7 8.
Nf3 O-O 9. a3 Bg4 10. e3 Nxc3 11. Bxc3 Bxc3+ 12. Rxc3 Qa5 13. Be2 Rfd8 14. Qc2
Bf5 15. Qc1 e5 16. Nd2 Ne7 17. b4 Qa4 18. O-O a5 19. b5 Nd5 20. Rb3 Rac8 21.
Bd1 Qh4 22. c6 a4 23. Rb2 Bd3 24. Re1 Qe7 25. Bxa4 bxc6 26. b6 Qxa3 27. b7 Rb8
28. Bxc6 Nc3 29. Rc2 Qxc1 30. Rcxc1 Ne2+ 31. Rxe2 Bxe2 32. Ne4 Kf8 33. h4 Ke7
34. Nc5 Kd6 35. Ne4+ Ke7 36. Nc5 Kd6 37. Ne4+ Ke7 1/2-1/2

[Event "Eesti klubide mv"]
[Site "Tallinn"]
[Date "2006.03.24"]
[Round "4"]
[White "Shishkov, Andrei"]
[Black "Kovaljov, Deniss"]
[Result "1/2-1/2"]
[WhiteElo "2378"]
[BlackElo "2337"]
[PlyCount "37"]
[EventDate "2006.03.23"]
[EventType "team"]
[EventRounds "7"]
[EventCountry "EST"]
[SourceDate "2006.04.22"]
[WhiteTeam "Kadrioru MK"]
[BlackTeam "Vabaettur 1"]
[WhiteTeamCountry "EST"]
[BlackTeamCountry "EST"]

1. d4 Nf6 2. c4 e6 3. Nc3 d5 4. cxd5 exd5 5. Bg5 c6 6. Qc2 g6 7. e3 Bf5 8. Qb3
Nbd7 9. Qxb7 Rb8 10. Qxc6 Rxb2 11. Bb5 Bb4 12. Bxf6 Qb8 13. Bxh8 (13. a3 Ba5
14. Qc5) (13. Nge2 O-O 14. O-O Rc8 15. Qa6 Nxf6 16. Qxf6 Bxc3 17. Nxc3 Rxc3 18.
a4) 13... Qxb5 14. Qxb5 Bxc3+ 15. Kd1 (15. Kf1 Rxb5 16. Rd1 Bc2 17. Ne2 Ba5 18.
Rc1 Bd3) 15... Rd2+ 16. Kc1 Rc2+ 17. Kd1 Rd2+ 18. Ke1 Rb2+ 19. Kd1 1/2-1/2

[Event "Eesti klubide mv"]
[Site "Tallinn"]
[Date "2006.03.24"]
[Round "4"]
[White "Danilov, Nikolai"]
[Black "Tarakanov, Oleg"]
[Result "1/2-1/2"]
[WhiteElo "2315"]
[BlackElo "2200"]
[PlyCount "63"]
[EventDate "2006.03.23"]
[EventType "team"]
[EventRounds "7"]
[EventCountry "EST"]
[SourceDate "2006.04.22"]
[WhiteTeam "Vabaettur 1"]
[BlackTeam "Kadrioru MK"]
[WhiteTeamCountry "EST"]
[BlackTeamCountry "EST"]

1. d4 d5 2. c4 c6 3. Nf3 Nf6 4. Nc3 Bf5 5. cxd5 cxd5 6. Qb3 Qb6 7. Nxd5 Nxd5 8.
Qxd5 e6 9. Qb3 Nc6 10. Bd2 Qxb3 11. axb3 Bc2 12. e3 Bxb3 13. Bb5 Bd5 14. O-O
Be7 15. Rfc1 O-O 16. Ne1 a6 17. Ba4 b5 18. Bd1 Bb4 19. Bc3 Bxc3 20. Rxc3 Nb4
21. Rc5 Rfc8 22. Rac1 Rxc5 23. Rxc5 Kf8 24. Rc7 Re8 25. Bf3 Re7 26. Rc3 Rd7 27.
Bxd5 Nxd5 28. Rc8+ Ke7 29. Nd3 Rc7 30. Rxc7+ Nxc7 31. b4 f5 32. f3 1/2-1/2

[Event "Eesti klubide mv"]
[Site "Tallinn"]
[Date "2006.03.24"]
[Round "4"]
[White "Rauk, Tõnu"]
[Black "Krupenski, Juri"]
[Result "0-1"]
[WhiteElo "2200"]
[BlackElo "2290"]
[PlyCount "36"]
[EventDate "2006.03.23"]
[EventType "team"]
[EventRounds "7"]
[EventCountry "EST"]
[SourceDate "2006.04.22"]
[WhiteTeam "Kadrioru MK"]
[BlackTeam "Vabaettur 1"]
[WhiteTeamCountry "EST"]
[BlackTeamCountry "EST"]

1. d4 f5 2. e4 fxe4 3. Nc3 Nf6 4. Bg5 c6 5. Qd2 d5 6. f3 Bf5 7. O-O-O Nbd7 8.
g4 Bg6 9. Bxf6 exf6 10. fxe4 dxe4 11. Nxe4 Qc7 12. Bg2 O-O-O 13. Ne2 Nc5 14.
Nxc5 Bxc5 15. Qc3 Rhe8 16. Bf3 Bd6 17. h3 Bf4+ 18. Kb1 Re3 0-1

[Event "Eesti klubide mv"]
[Site "Tallinn"]
[Date "2006.03.25"]
[Round "4"]
[White "Remmel, Anto"]
[Black "Kortshagin, Oleg"]
[Result "1/2-1/2"]
[WhiteElo "2316"]
[BlackElo "2234"]
[PlyCount "47"]
[EventDate "2006.03.23"]
[EventType "team"]
[EventRounds "7"]
[EventCountry "EST"]
[SourceDate "2006.04.22"]
[WhiteTeam "Vabaettur 1"]
[BlackTeam "Kadrioru MK"]
[WhiteTeamCountry "EST"]
[BlackTeamCountry "EST"]

1. e4 e5 2. Nf3 Nc6 3. Bc4 Bc5 4. d3 a6 5. c3 Nf6 6. Bb3 Ba7 7. Nbd2 h6 8. Nf1
d6 9. Be3 Ne7 10. Bxa7 Rxa7 11. Ng3 Ng6 12. O-O O-O 13. d4 Ra8 14. Re1 Re8 15.
h3 Be6 16. Bxe6 Rxe6 17. Qb3 Qc8 18. Rad1 Re8 19. dxe5 dxe5 20. Rd2 Rb8 21. Nf5
Qe6 22. Qxe6 Rxe6 23. g3 Ree8 24. Ree2 1/2-1/2

[Event "Eesti klubide mv"]
[Site "Tallinn"]
[Date "2006.03.25"]
[Round "4"]
[White "Pärnpuu, Leili"]
[Black "Daulyte, Deimante"]
[Result "1/2-1/2"]
[WhiteElo "2212"]
[BlackElo "2244"]
[PlyCount "60"]
[EventDate "2006.03.23"]
[EventType "team"]
[EventRounds "7"]
[EventCountry "EST"]
[SourceDate "2006.04.22"]
[WhiteTeam "Kadrioru MK"]
[BlackTeam "Vabaettur 1"]
[WhiteTeamCountry "EST"]
[BlackTeamCountry "EST"]

1. d4 Nf6 2. Nf3 g6 3. c4 Bg7 4. g3 O-O 5. Bg2 d6 6. O-O Nc6 7. Nc3 Bf5 8. d5
Na5 9. Nd4 Bd7 10. b3 c5 11. dxc6 bxc6 12. Bb2 Rb8 13. Rb1 Qc8 14. Re1 Bh3 15.
e4 Bxg2 16. Kxg2 Nd7 17. Ba1 Qc7 18. Qd2 e5 19. Nf3 f5 20. exf5 gxf5 21. Nh4
Rf6 22. Ne2 Nb7 23. b4 Nf8 24. f4 Re8 25. c5 Ng6 26. Nxg6 hxg6 27. Qc2 Rfe6 28.
cxd6 Nxd6 29. Qb3 Qf7 30. Red1 Ne4 1/2-1/2

[Event "Eesti klubide mv"]
[Site "Tallinn"]
[Date "2006.03.25"]
[Round "4"]
[White "Kukk, Sander"]
[Black "Malinin, Juri"]
[Result "0-1"]
[WhiteElo "2176"]
[BlackElo "2358"]
[PlyCount "92"]
[EventDate "2006.03.23"]
[EventType "team"]
[EventRounds "7"]
[EventCountry "EST"]
[SourceDate "2006.04.22"]
[WhiteTeam "SK Reval Sport"]
[BlackTeam "Narva Maletäht"]
[WhiteTeamCountry "EST"]
[BlackTeamCountry "EST"]

1. e4 c5 2. Nf3 Nc6 3. d4 cxd4 4. Nxd4 Qb6 5. Nb3 Nf6 6. Nc3 e6 7. Be3 Qc7 8.
a3 a6 9. Be2 Be7 10. f4 d6 11. O-O b5 12. Bf3 Bb7 13. Qe1 O-O 14. Qg3 Nd7 15.
Ne2 Nb6 16. Nbd4 Nc4 17. Bf2 Nxd4 18. Bxd4 e5 19. fxe5 dxe5 20. b3 Bd6 21. Bf2
Nd2 22. Rfd1 Nxe4 23. Bxe4 Bxe4 24. Nc3 Bb7 25. Nd5 Bxd5 26. Rxd5 Rad8 27. Rad1
Bxa3 28. Rxd8 Rxd8 29. Rxd8+ Qxd8 30. Qxe5 Qd1+ 31. Be1 Qxc2 32. b4 Qc8 33. Bc3
Qf8 34. Qf4 h6 35. Qd2 Qe7 36. Qd4 Qf8 37. Qd2 Qe7 38. Qd4 Qf6 39. Qe3 Qg5 40.
Qe8+ Kh7 41. h4 Qf4 42. Be1 Bb2 43. Bf2 Bd4 44. Bxd4 Qxd4+ 45. Kf1 Qxb4 46. h5
Qc4+ 0-1

[Event "Eesti klubide mv"]
[Site "Tallinn"]
[Date "2006.03.25"]
[Round "4"]
[White "Sõskov, Vjacheslav"]
[Black "Valner, Uku"]
[Result "1-0"]
[WhiteElo "2239"]
[BlackElo "2102"]
[PlyCount "47"]
[EventDate "2006.03.23"]
[EventType "team"]
[EventRounds "7"]
[EventCountry "EST"]
[SourceDate "2006.04.22"]
[WhiteTeam "Narva Maletäht"]
[BlackTeam "SK Reval Sport"]
[WhiteTeamCountry "EST"]
[BlackTeamCountry "EST"]

1. e4 e6 2. d4 b6 3. Bd3 Bb7 4. Qe2 f5 5. f3 Nc6 6. c3 fxe4 7. fxe4 e5 8. d5
Nce7 9. Nf3 Ng6 10. O-O Bc5+ 11. Kh1 Nf6 12. Bg5 h6 13. Bd2 O-O 14. b4 Bd6 15.
Na3 c6 16. Nc4 Bb8 17. d6 Qe8 18. Rad1 Kh7 19. Nfxe5 Nxe5 20. Nxe5 Qxe5 21. Bf4
Qe6 22. e5+ g6 23. exf6 Rxf6 24. Qh5 1-0

[Event "Eesti klubide mv"]
[Site "Tallinn"]
[Date "2006.03.25"]
[Round "4"]
[White "Nestor, Kaarel"]
[Black "Tolmatshov, Eduard"]
[Result "0-1"]
[WhiteElo "2069"]
[BlackElo "2234"]
[PlyCount "94"]
[EventDate "2006.03.23"]
[EventType "team"]
[EventRounds "7"]
[EventCountry "EST"]
[SourceDate "2006.04.22"]
[WhiteTeam "SK Reval Sport"]
[BlackTeam "Narva Maletäht"]
[WhiteTeamCountry "EST"]
[BlackTeamCountry "EST"]

1. d4 f5 2. g3 Nf6 3. Bg2 e6 4. Nf3 g6 5. O-O Bg7 6. b3 O-O 7. Bb2 d6 8. Nbd2
Nbd7 9. Re1 d5 10. Ne5 Nxe5 11. dxe5 Ng4 12. Nf3 c6 13. h3 Nh6 14. Rc1 Nf7 15.
c4 g5 16. Qd4 h5 17. g4 Nh6 18. Nh2 fxg4 19. hxg4 Nxg4 20. Nxg4 Rf4 21. Nf6+
Bxf6 22. Qd2 Be7 23. Qc2 Qe8 24. e3 Rf8 25. e4 dxc4 26. Qxc4 Bd7 27. Rcd1 Rd8
28. Qc1 Qg6 29. Qe3 b6 30. Qe2 Bc8 31. Bc1 g4 32. Rxd8 Rxd8 33. Qe3 Kg7 34. Qc3
c5 35. Kh1 Rf8 36. f4 h4 37. Rg1 Bb7 38. Qe3 g3 39. Rd1 Bc6 40. Re1 Rd8 41. Bb2
Qg4 42. a3 c4 43. f5 Bc5 44. Qc3 h3 45. Bf3 g2+ 46. Kh2 g1=Q+ 47. Rxg1 Qxg1+
0-1

[Event "Eesti klubide mv"]
[Site "Tallinn"]
[Date "2006.03.25"]
[Round "4"]
[White "Korstin, Maris"]
[Black "Keskel, Marko"]
[Result "1-0"]
[WhiteElo "2218"]
[BlackElo "2151"]
[PlyCount "59"]
[EventDate "2006.03.23"]
[EventType "team"]
[EventRounds "7"]
[EventCountry "EST"]
[SourceDate "2006.04.22"]
[WhiteTeam "Narva Maletäht"]
[BlackTeam "SK Reval Sport"]
[WhiteTeamCountry "EST"]
[BlackTeamCountry "EST"]

1. g3 d5 2. Bg2 Nf6 3. Nf3 h6 4. O-O Bf5 5. c4 c6 6. Qb3 Qd7 7. cxd5 cxd5 8.
Ne5 Qc7 9. d4 e6 10. Bf4 g5 11. Qa4+ Nc6 12. Ng4 gxf4 13. Nxf6+ Ke7 14. Nh5 Qb6
15. Nxf4 Qxb2 16. Bxd5 exd5 17. Nxd5+ Kd6 18. Nbc3 b5 19. Nxb5+ Kxd5 20. Nc7+
Kd6 21. Rac1 Bd7 22. Nxa8 Nxd4 23. Qa6+ Ke5 24. f4+ Kf5 25. Qd3+ Kg4 26. Kh1
Nxe2 (26... Bf5 27. e4 (27. Qe3 Qxe2 28. Rce1 Qxe3 29. Rxe3 Nc2) 27... Bxe4+
28. Qxe4 Kh3) 27. Qxd7+ f5 28. Qc6 Nxg3+ 29. hxg3 Kh3 30. Rc2 1-0

[Event "Eesti klubide mv"]
[Site "Tallinn"]
[Date "2006.03.25"]
[Round "4"]
[White "Alasoo, Kaarel"]
[Black "Aleksejev, Igor"]
[Result "1-0"]
[WhiteElo "1990"]
[BlackElo "2096"]
[PlyCount "59"]
[EventDate "2006.03.23"]
[EventType "team"]
[EventRounds "7"]
[EventCountry "EST"]
[SourceDate "2006.04.22"]
[WhiteTeam "SK Reval Sport"]
[BlackTeam "Narva Maletäht"]
[WhiteTeamCountry "EST"]
[BlackTeamCountry "EST"]

1. e4 c6 2. d4 d5 3. Nc3 dxe4 4. Nxe4 Bf5 5. Ng3 Bg6 6. h4 h6 7. Nf3 Nf6 8. Bd3
Bxd3 9. Qxd3 e6 10. Ne4 Be7 11. Bf4 Nxe4 12. Qxe4 Nd7 13. O-O-O Nf6 14. Qe2 Qd5
15. Kb1 O-O-O 16. Ne5 Rhf8 17. Rhe1 Nd7 18. Qg4 Bf6 19. a3 Nb6 20. Bh2 Qb5 21.
Qg3 Na4 22. Nc4 e5 23. dxe5 Bxh4 24. Rxd8+ Rxd8 25. Qxh4 g5 26. Qg4+ Kb8 27.
e6+ Ka8 28. e7 Re8 29. Qd4 a6 30. Nd6 1-0

[Event "Eesti klubide mv"]
[Site "Tallinn"]
[Date "2006.03.25"]
[Round "4"]
[White "Tsõganova, Monika"]
[Black "Narva, Triin"]
[Result "1-0"]
[WhiteElo "2269"]
[BlackElo "1843"]
[PlyCount "53"]
[EventDate "2006.03.23"]
[EventType "team"]
[EventRounds "7"]
[EventCountry "EST"]
[SourceDate "2006.04.22"]
[WhiteTeam "Narva Maletäht"]
[BlackTeam "SK Reval Sport"]
[WhiteTeamCountry "EST"]
[BlackTeamCountry "EST"]

1. d4 f5 2. Nf3 g6 3. g3 Bg7 4. Bg2 Nf6 5. O-O d6 6. c4 O-O 7. Nc3 c6 8. d5 e6
9. dxe6 Bxe6 10. Qd3 d5 11. Ng5 Qd7 12. Nxe6 Qxe6 13. cxd5 Qc8 14. Bf4 cxd5 15.
Nxd5 Nc6 16. Nc7 Rb8 17. Nb5 Ra8 18. Rac1 a6 19. Nd6 Qd7 20. Rfd1 Kh8 21. Nxb7
Qxd3 22. Rxd3 Ne7 23. Rc7 Neg8 24. Nd6 Nh6 25. Bxh6 Bxh6 26. Nf7+ Kg7 27. Bxa8
1-0

[Event "Eesti klubide mv"]
[Site "Tallinn"]
[Date "2006.04.25"]
[Round "4"]
[White "Vovk, Ilja"]
[Black "Külaots, Kaido"]
[Result "0-1"]
[WhiteElo "2265"]
[BlackElo "2567"]
[PlyCount "112"]
[EventDate "2006.03.23"]
[EventType "team"]
[EventRounds "7"]
[EventCountry "EST"]
[SourceDate "2006.04.22"]
[WhiteTeam "Vabaettur 2"]
[BlackTeam "Viljandi MS"]
[WhiteTeamCountry "EST"]
[BlackTeamCountry "EST"]

1. e4 c5 2. Nf3 e6 3. d4 cxd4 4. Nxd4 a6 5. Nc3 b5 6. Bd3 Qb6 7. Be3 Bc5 8. Qg4
Bxd4 9. e5 Nc6 10. Qxg7 Bxe5 11. Qxe5 Nxe5 12. Bxb6 Bb7 13. Ne4 Bxe4 14. Bxe4
d5 15. Bd4 f6 16. Bd3 Ne7 17. Kd2 Kf7 18. Bxe5 fxe5 19. c3 Nc6 20. f3 h5 21.
Rhe1 Kf6 22. Re2 Rhg8 23. Rae1 h4 24. Ke3 Rg7 25. Kf2 Rb8 26. Kf1 Ke7 27. a4
Kd6 28. axb5 axb5 29. Ra1 Rf7 30. Ke1 h3 31. Kd2 hxg2 32. Rxg2 Rxf3 33. Ra6 Rh3
34. Bf5 Rh6 35. Rg6 Rxg6 36. Bxg6 Rh8 37. h4 Rxh4 38. Be8 Rc4 39. Rb6 b4 40.
cxb4 Kc7 41. Ra6 Nd4 42. Ba4 Rxb4 43. Kc3 Rc4+ 44. Kd3 Nc6 45. Ra8 Kb7 46.
Bxc6+ Rxc6 47. Re8 Kc7 48. b4 Kd7 49. Rb8 Rc4 50. b5 e4+ 51. Ke3 Kd6 52. b6 Ke5
53. b7 Rb4 54. Kd2 d4 55. Kc2 e3 56. Kd3 Rb6 0-1

[Event "Eesti klubide mv"]
[Site "Tallinn"]
[Date "2006.03.25"]
[Round "4"]
[White "Kanep, Meelis"]
[Black "Vassiljev, Igor"]
[Result "1-0"]
[WhiteElo "2528"]
[BlackElo "2269"]
[PlyCount "65"]
[EventDate "2006.03.23"]
[EventType "team"]
[EventRounds "7"]
[EventCountry "EST"]
[SourceDate "2006.04.22"]
[WhiteTeam "Viljandi MS"]
[BlackTeam "Vabaettur 2"]
[WhiteTeamCountry "EST"]
[BlackTeamCountry "EST"]

1. d4 e6 2. c4 Nf6 3. Nf3 d5 4. g3 dxc4 5. Bg2 Bd7 6. Ne5 Bc6 7. Nxc6 Nxc6 8.
O-O Qd7 9. e3 Rb8 10. Bd2 Bd6 11. Qc2 b5 12. a4 a6 13. axb5 axb5 14. b3 Nb4 15.
Bxb4 Bxb4 16. bxc4 bxc4 17. Qxc4 O-O 18. Ra7 Bd6 19. Nd2 e5 20. dxe5 Bxe5 21.
Nf3 Bd6 22. Nd4 Qg4 23. Qc2 g6 24. h3 Qh5 25. Qc3 Nd7 26. Nc6 Rb6 27. Rxc7 Ne5
28. Ne7+ Bxe7 29. Rxe7 Nf3+ 30. Kh1 Ng5 31. Qc5 Rfb8 32. h4 Rb5 33. Re8+ 1-0

[Event "Eesti klubide mv"]
[Site "Tallinn"]
[Date "2006.03.25"]
[Round "4"]
[White "Shlõkov, Vitali"]
[Black "Kärner, Hillar"]
[Result "1-0"]
[WhiteElo "2277"]
[BlackElo "2297"]
[PlyCount "39"]
[EventDate "2006.03.23"]
[EventType "team"]
[EventRounds "7"]
[EventCountry "EST"]
[SourceDate "2006.04.22"]
[WhiteTeam "Vabaettur 2"]
[BlackTeam "Viljandi MS"]
[WhiteTeamCountry "EST"]
[BlackTeamCountry "EST"]

1. d4 e6 2. e4 c5 3. d5 exd5 4. exd5 d6 5. Nc3 a6 6. a4 g6 7. Nf3 Bg7 8. Bg5
Nf6 9. Qe2+ Kf8 10. Qd2 Bg4 11. Be2 Bxf3 12. Bxf3 Qe8+ 13. Be2 Ne4 14. Nxe4
Qxe4 15. Bf4 Qxg2 16. Bxd6+ Kg8 17. O-O-O Nd7 18. Qf4 h5 19. Rhg1 Qh3 20. Bf1
1-0

[Event "Eesti klubide mv"]
[Site "Tallinn"]
[Date "2006.03.25"]
[Round "4"]
[White "Kanep, Siim"]
[Black "Dubrovin, Robert"]
[Result "1/2-1/2"]
[WhiteElo "2228"]
[BlackElo "2203"]
[PlyCount "73"]
[EventDate "2006.03.23"]
[EventType "team"]
[EventRounds "7"]
[EventCountry "EST"]
[SourceDate "2006.04.22"]
[WhiteTeam "Viljandi MS"]
[BlackTeam "Vabaettur 2"]
[WhiteTeamCountry "EST"]
[BlackTeamCountry "EST"]

1. d4 Nf6 2. c4 e6 3. Nf3 b6 4. g3 Ba6 5. b3 Bb4+ 6. Bd2 Be7 7. Bg2 Bb7 8. O-O
O-O 9. Nc3 d5 10. Ne5 Nbd7 11. Bf4 c5 12. dxc5 Nxc5 13. cxd5 exd5 14. Rc1 Ne6
15. Nb5 a6 16. Nd4 Nxd4 17. Qxd4 Bc5 18. Qd2 Rc8 19. Bg5 Re8 20. Bxf6 Qxf6 21.
Nd7 Qd6 22. Nxc5 bxc5 23. Rfd1 Red8 24. Rc3 d4 25. Rd3 Bxg2 26. Kxg2 Qc6+ 27.
Kg1 Re8 28. e3 dxe3 29. Rxe3 Rxe3 30. Qxe3 c4 31. Qc3 h6 32. bxc4 Qa4 33. Rc1
Qxa2 34. c5 Qd5 35. c6 Kh7 36. c7 a5 37. Ra1 1/2-1/2

[Event "Eesti klubide mv"]
[Site "Tallinn"]
[Date "2006.03.25"]
[Round "4"]
[White "Sööt, Margus"]
[Black "Elmaste, Gert"]
[Result "1/2-1/2"]
[WhiteElo "2174"]
[BlackElo "2222"]
[PlyCount "95"]
[EventDate "2006.03.23"]
[EventType "team"]
[EventRounds "7"]
[EventCountry "EST"]
[SourceDate "2006.04.22"]
[WhiteTeam "Vabaettur 2"]
[BlackTeam "Viljandi MS"]
[WhiteTeamCountry "EST"]
[BlackTeamCountry "EST"]

1. e4 c6 2. d4 d5 3. e5 Bf5 4. Nf3 e6 5. Be2 Bb4+ 6. c3 Ba5 7. O-O Nd7 8. Re1
Ne7 9. Nbd2 O-O 10. Nf1 Bc7 11. Ng3 Bg6 12. Nh4 c5 13. Nxg6 hxg6 14. b4 cxb4
15. cxb4 Nf5 16. Nxf5 gxf5 17. a4 Qe7 18. Ba3 Rfc8 19. Qb3 Qh4 20. Bb2 Nf8 21.
Rac1 Bd8 22. g3 Qh3 23. Rc3 Rxc3 24. Qxc3 Ng6 25. Rc1 Kh7 26. a5 a6 27. Qf3 Qh6
28. Rc2 Qg5 29. Bc1 Qe7 30. Bd2 Qd7 31. Qb3 Rc8 32. Ra2 Ne7 33. b5 axb5 34.
Bxb5 Qc7 35. Qa4 Qb8 36. Kg2 Nc6 37. a6 Rc7 38. axb7 Qxb7 39. Be3 Qb6 40. Rc2
Na5 41. Ra2 Nc4 42. h4 Nxe3+ 43. fxe3 Rc3 44. Be8 Qc7 45. Re2 g5 46. hxg5 Bxg5
47. Kf3 Kg7 48. Qd7 1/2-1/2

[Event "Eesti klubide mv"]
[Site "Tallinn"]
[Date "2006.03.25"]
[Round "4"]
[White "Vahtra, Tuuli"]
[Black "Jermolina, Jekaterina"]
[Result "1-0"]
[WhiteElo "2059"]
[BlackElo "1809"]
[PlyCount "85"]
[EventDate "2006.03.23"]
[EventType "team"]
[EventRounds "7"]
[EventCountry "EST"]
[SourceDate "2006.04.22"]
[WhiteTeam "Viljandi MS"]
[BlackTeam "Vabaettur 2"]
[WhiteTeamCountry "EST"]
[BlackTeamCountry "EST"]

1. c4 c5 2. Nf3 Nc6 3. d4 cxd4 4. Nxd4 Nf6 5. g3 e6 6. Bg2 Be7 7. O-O O-O 8.
Nc3 Bb4 9. Ne4 Nxe4 10. Bxe4 Nxd4 11. Qxd4 Qe7 12. a3 Bc5 13. Qd3 h6 14. b4 Bb6
15. Bb2 d6 16. Rac1 e5 17. Rfd1 Rd8 18. Qf3 Rb8 19. Bd5 Be6 20. a4 a5 21. bxa5
Bxa5 22. Ba3 b6 23. Qe3 Qd7 24. Qb3 Rbc8 25. Bxe6 Qxe6 26. Rd5 Rc6 27. e3 Rdc8
28. Qd3 Rd8 29. Qe4 f6 30. Rxa5 Rxc4 31. Qxc4 Qxc4 32. Rxc4 bxa5 33. Rc6 d5 34.
Rd6 Rxd6 35. Bxd6 Kf7 36. Kf1 Ke6 37. Bc7 Kd7 38. Bxa5 Kc6 39. Bb4 g6 40. f4 e4
41. Ke2 f5 42. Kd2 g5 43. Kc3 1-0

[Event "Eesti klubide mv"]
[Site "Tallinn"]
[Date "2006.03.25"]
[Round "4"]
[White "Garber, Vjacheslav"]
[Black "Sepp, Olav"]
[Result "0-1"]
[WhiteElo "2170"]
[BlackElo "2487"]
[PlyCount "142"]
[EventDate "2006.03.23"]
[EventType "team"]
[EventRounds "7"]
[EventCountry "EST"]
[SourceDate "2006.04.22"]
[WhiteTeam "Paul Kerese MK"]
[BlackTeam "Saaremaa MK"]
[WhiteTeamCountry "EST"]
[BlackTeamCountry "EST"]

1. e4 e5 2. Nf3 Nc6 3. Bb5 Nf6 4. d3 d6 5. O-O g6 6. h3 Bg7 7. Be3 O-O 8. Nc3
Bd7 9. a4 a6 10. Bc4 h6 11. Nh2 Nh5 12. Nd5 Ne7 13. Qf3 Nxd5 14. Bxd5 c6 15.
Ba2 Kh7 16. g4 Nf4 17. Bxf4 exf4 18. Qxf4 Bxb2 19. Rab1 Be5 20. Qe3 b5 21. Nf3
Bg7 22. e5 dxe5 23. Rfe1 f6 24. Bb3 Qc7 25. Qc5 Rfe8 26. axb5 axb5 27. Nh4 Bf8
28. Qe3 Re7 29. c4 bxc4 30. Bxc4 Qd6 31. Qe4 Rg7 32. Kf1 Be8 33. Rb6 Qc7 34.
Reb1 Rd8 35. Nf3 Bc5 36. R6b2 Qd6 37. Rb7 Rdd7 38. Rxd7 Rxd7 39. h4 Kg7 40. g5
Re7 41. gxf6+ Qxf6 42. Rb8 Qf5 43. Ke2 Qxe4+ 44. dxe4 Bd7 45. Nd2 Bd4 46. f3 c5
47. Nb3 Be6 48. Bxe6 Rxe6 49. Rc8 Ra6 50. Nxc5 Ra2+ 51. Ke1 Bf2+ 52. Kd1 Bxh4
53. Rc7+ Kf6 54. Nd7+ Ke7 55. Rb7 Kd6 56. Nf8 Rf2 57. Nxg6 Bg3 58. Ne7 Rf1+ 59.
Ke2 Rf2+ 60. Kd1 Rxf3 61. Nf5+ Kc6 62. Rg7 Bf4 63. Rg6+ Kc5 64. Nxh6 Kd4 65.
Ng4 Kxe4 66. Nxe5 Bxe5 67. Ke2 Ra3 68. Rb6 Ra2+ 69. Kf1 Bd4 70. Rb8 Be3 71. Rf8
Rc2 0-1

[Event "Eesti klubide mv"]
[Site "Tallinn"]
[Date "2006.03.25"]
[Round "4"]
[White "Lauk, Ülar"]
[Black "Nikitin, Pjotr"]
[Result "1-0"]
[WhiteElo "2398"]
[BlackElo "2160"]
[PlyCount "49"]
[EventDate "2006.03.23"]
[EventType "team"]
[EventRounds "7"]
[EventCountry "EST"]
[SourceDate "2006.04.22"]
[WhiteTeam "Saaremaa MK"]
[BlackTeam "Paul Kerese MK"]
[WhiteTeamCountry "EST"]
[BlackTeamCountry "EST"]

1. e4 Nc6 2. Nf3 d5 3. exd5 Qxd5 4. Nc3 Qa5 5. Bb5 Bg4 6. h3 Bd7 7. Rb1 O-O-O
8. a3 a6 9. b4 Qb6 10. Bc4 e6 11. d4 Na7 12. O-O Nf6 13. a4 a5 14. bxa5 Qxa5
15. Nb5 Nxb5 16. axb5 Be8 17. Bd2 Qb6 18. Ra1 Kb8 19. Qb1 Nd7 20. Qa2 Kc8 21.
Qa8+ Nb8 22. Ra7 Bxb5 23. Rb1 Bc6 24. Rxb6 cxb6 25. Ne5 1-0